Mathematics of finance : proceedings of an AMS-IMS-SIAM Joint Summer Research Conference on Mathematics of Finance, June 22-26, 2003, Snowbird, Utah
Αποθηκεύτηκε σε:
| Συγγραφή απο Οργανισμό/Αρχή: | |
|---|---|
| Άλλοι συγγραφείς: | , |
| Μορφή: | Πρακτικό Συνεδρίου Βιβλίο |
| Γλώσσα: | English |
| Δημοσίευση: |
Providence, R.I. :
American Mathematical Society,
c2004
|
| Σειρά: | Contemporary mathematics (American Mathematical Society) ;
; 351 |
| Θέματα: | |
| Ετικέτες: |
Προσθήκη ετικέτας
Δεν υπάρχουν, Καταχωρήστε ετικέτα πρώτοι!
|
MARC
| LEADER | 00000cam a2200000 i 4500 | ||
|---|---|---|---|
| 001 | 1/69381 | ||
| 008 | 050112s2004 eng d | ||
| 020 | |a 0-8218-3412-6 | ||
| 035 | |l 10075945 | ||
| 040 | |a GR-MY-UA |b gre |e aacr | ||
| 041 | 0 | |a eng | |
| 082 | 0 | |a 332.60151 |2 (21) | |
| 111 | 2 | |a AMS-IMS-SIAM Joint Summer Research Conference on Mathematics of Finance |d (2003 : |c Snowbird, Utah) | |
| 245 | 1 | 0 | |a Mathematics of finance : |b proceedings of an AMS-IMS-SIAM Joint Summer Research Conference on Mathematics of Finance, June 22-26, 2003, Snowbird, Utah / |c Geroge Yin, Qing Zhang, editors |
| 260 | |a Providence, R.I. : |b American Mathematical Society, |c c2004 | ||
| 300 | |a xii, 398 σ.; |b εικ.; |c 26 εκ. | ||
| 490 | 1 | |a Contemporary mathematics |v ; 351 | |
| 504 | |a Περιέχει βιβλιογραφικές αναφορές | ||
| 650 | 0 | 0 | |a Business mathematics |x Congresses. |
| 700 | 1 | |a Yin, George, |d 1954- |4 edt | |
| 700 | 1 | |a Zhang, Qing, |d 1959- |4 edt | |
| 830 | 0 | |a Contemporary mathematics (American Mathematical Society) ; |v ; 351 | |
| 852 | |a INST |b SAMOS |e 20050112 |h 332.60151 AMS |p 005300022870 |q 005300022870 |t BK |y 0 | ||
| 901 | |a BIBL3-2005-1 | ||
| 922 | |a 3ΕΛΗ |b 200406 |c ΕΠΕΑΕΚ2/ΤΜΗΜΑ ΜΑΘΗΜΑΤΙΚΩΝ |d ΜΙΧΑΛΟΠΟΥΛΟΣ | ||
| 970 | |a ΚΟΣΙΕΡΗΣ |b ΧΡΗΣΤΟΣ |z 2005/01/12 | ||